Polyfunkčný komplex Trinity - monolitická železobetónová konštrukcia
Gespeichert in:
| 1. Verfasser: | |
|---|---|
| Weitere Verfasser: | |
| Format: | Manuskript Buch |
| Sprache: | Slowakisch |
| Veröffentlicht: |
2015
|
| Schlagworte: | |
| Online-Zugang: | http://is.stuba.sk/zp/portal_zp.pl?podrobnosti=109391 https://opac.crzp.sk/?fn=detailBiblioForm&sid=E75B5E22D326BA6A98AB93CFFF20 |
| Tags: |
Keine Tags, Fügen Sie das erste Tag hinzu!
|
MARC
| LEADER | 00000ntm a22000003a 4500 | ||
|---|---|---|---|
| 001 | stuzp51892 | ||
| 003 | SK-STU | ||
| 005 | 20231013152235.0 | ||
| 007 | ta | ||
| 008 | 150427s2015----xo-----f-mn---000-0-slo-d | ||
| 040 | |a STU |b slo | ||
| 041 | 0 | |a slo | |
| 100 | 1 | |a Juranová, Mária |u 010110 |4 aut |U SvF Stavebná fakulta |T SvF Katedra betónových konštrukcií a mostov |X 67106 |U V110 |Y 11 |7 A000067106 | |
| 242 | 0 | 1 | |a multifuncional object Trinity - monolithic reinforced concrete structure |y eng |
| 245 | 1 | 0 | |a Polyfunkčný komplex Trinity - monolitická železobetónová konštrukcia |
| 260 | |c 2015 | ||
| 650 | 4 | |a nosná konštrukcia |2 slo | |
| 650 | 4 | |a statický výpočet |2 slo | |
| 650 | 4 | |a realizačný projekt |2 slo | |
| 650 | 4 | |a vysoká budova |2 slo | |
| 650 | 4 | |a realization project |2 eng | |
| 650 | 4 | |a high-rise building |2 eng | |
| 650 | 4 | |a skeleton |2 eng | |
| 650 | 4 | |a static calculation |2 eng | |
| 700 | 1 | |a Halvonik, Jaroslav |4 ths |X 2749 |7 A000002749 | |
| 856 | 4 | |u http://is.stuba.sk/zp/portal_zp.pl?podrobnosti=109391 | |
| 856 | 4 | |u https://opac.crzp.sk/?fn=detailBiblioForm&sid=E75B5E22D326BA6A98AB93CFFF20 | |
| SQL | |a stuzp51892 |b DDP |c SLO |d Polyfunkčný komplex Trinity - monolitická železobetónová konštrukcia |e 67106 |f Juranová, Mária |g 010110 |h 2749 |i Halvonik, Jaroslav |j 20150617 |k 945 |l 01 |m http://is.stuba.sk/zp/portal_zp.pl?podrobnosti=109391 |n I-NKS |o 5.1.5. inžinierske konštrukcie a dopravné stavby | ||